Text book on aquaculture engineering (Record no. 342540)
[ view plain ]
| 000 -LEADER | |
|---|---|
| fixed length control field | 00339nam a22001337a 4500 |
| 020 ## - INTERNATIONAL STANDARD BOOK NUMBER | |
| International Standard Book Number | 9789384337049 |
| 082 ## - DEWEY DECIMAL CLASSIFICATION NUMBER | |
| Classification number | 639.3 |
| Item number | MIS/TE |
| 100 ## - MAIN ENTRY--PERSONAL NAME | |
| Personal name | Mishre, Rabinarayan |
| 9 (RLIN) | 3108 |
| 245 ## - TITLE STATEMENT | |
| Title | Text book on aquaculture engineering |
| 260 ## - PUBLICATION, DISTRIBUTION, ETC. (IMPRINT) | |
| Place of publication, distribution, etc. | Delhi |
| Name of publisher, distributor, etc. | Narendra Publishing House |
| Date of publication, distribution, etc. | 2015 |
| 300 ## - PHYSICAL DESCRIPTION | |
| Extent | 330p |
| 700 ## - ADDED ENTRY--PERSONAL NAME | |
| Personal name | Dora, K.C |
| 9 (RLIN) | 3109 |
| 942 ## - ADDED ENTRY ELEMENTS (KOHA) | |
| Koha item type | Books (General) |
| Withdrawn status | Lost status | Damaged status | Not for loan | Collection code | Home library | Current library | Shelving location | Date acquired | Source of acquisition | Cost, normal purchase price | Total Checkouts | Full call number | Barcode | Date last seen | Date checked out | Price effective from | Koha item type |
|---|---|---|---|---|---|---|---|---|---|---|---|---|---|---|---|---|---|
| Kelappaji College of Agricultural Engineering & Technology Library, Tavanur | Kelappaji College of Agricultural Engineering & Technology Library, Tavanur | 31/03/2018 | Vigyan Books | 3195.00 | 5 | 639.3 MIS/TE | KAU_KCAEFT-25678 | 14/07/2025 | 22/02/2025 | 23/05/2018 | Books (General) |
